000 00262nam a2200121Ia 4500
100 _aEnergy Research Group
942 _cRB
654 _areliance
245 _aReliance review of energy market
260 _bReliance
_c2002
300 _a390
546 _aENGLISH
999 _c30906
_d30906